01829cam a2200361 i 450000100090000000300090000900500170001800800410003502000330007602000360010904000910014508200230023610000380025924501240029726400460042126400100046730000440047733600260052133700280054733800270057550400510060250504030065365000410105665000340109765000410113165300210117265500170119370000340121070000310124494200120127599900170128795201630130414396404EG-ScBUE20260125100904.0060531t2006 enka frb 001 0 eng d a0470095024 (PB : alk. paper) a9780470095027 (PB : alk. paper) aDNLM/DLCbengerdacDLCdNLMdUKMdBAKERdC#PdYDXCPdOCLCQdBTCTAdSTFdDLCdEG-ScBUE04a572.86078222bCAL1 aCaldwell, Guy A.,eauthor.93954010aIntegrated genomics :ba discovery-based laboratory course /cGuy A. Caldwell, Shelli N. Williams, and Kim A. Caldwell. 1aChichester : bJohn Wiley & Sons,c[2006] 4cc2006 axx, 225 pages :billustrations ;c29 cm 2rdacontentatextbtxt aunmediated2rdamediabn avolumebnc2rdacarrier aIncludes bibliographical references and index.0 aIntroduction to basic laboratory genetics -- Gene expression analysis using transgenic animals -- Creation and testing of transgenic yeast for use in protein-protein interaction screening -- Yeast two-hybrid screening -- Isolation and identification of interacting proteins -- Using bioinformatics in modern science -- Generation of an RNAi vector -- RNA-mediated interference by bacterial feeding. 7aGenomicsvLaboratory manuals.2BUEsh 7aDiagnosis, Laboratory.2BUEsh 7aMolecular biologyxTechnique.2BUEsh bPPhrmcMarch2016 vReading book1 aWilliams, Shelli N.,eauthor.1 aCaldwell, Kim A.,eauthor. 2ddccBB c21395d21367 00102ddc40708ScientificaMAINbMAINc1STd2016-03-14ePurchaseg490.00h2l1m3o572.86078 CALp000032020r2025-07-15 00:00:00s2019-03-28w2016-03-14yBB